[Event "Titled Tue 20th May Early"]
[Site "chess.com INT"]
[Date "2025.05.20"]
[Round "4"]
[White "Katishonok, Nikolaj"]
[Black "Golsta, Madara"]
[Result "1-0"]
[WhiteTitle "FM"]
[WhiteElo "2004"]
[BlackElo "1999"]
[WhiteFideId "11600225"]
[BlackFideId "11607386"]
[EventDate "2025.05.20"]

1. Nf3 c5 2. d4 cxd4 3. Nxd4 Nf6 4. g3 g6 5. Bg2 Bg7 6. O-O O-O 7. c4 Nc6 8. Nc3
Nxd4 9. Qxd4 d6 10. Qd3 Qc7 11. Nb5 Qa5 12. Bd2 Qb6 13. Be3 Qa5 14. a3 Bf5 15.
Qb3 Be4 16. f3 Bc6 17. Rac1 Rfc8 18. Nd4 Ba4 19. Qb4 Qxb4 20. axb4 a5 21. b5 d5
22. b3 e5 23. bxa4 exd4 24. Bxd4 Rxc4 25. Rxc4 dxc4 26. f4 Rd8 27. Bc3 Ng4 28.
Bxg7 Kxg7 29. Rc1 Rd2 30. Bxb7 Rxe2 31. Bf3 1-0

[Event "Titled Tue 20th May Early"]
[Site "chess.com INT"]
[Date "2025.05.20"]
[Round "4"]
[White "Ernst, Robert"]
[Black "Nguyen Thien Ngan"]
[Result "0-1"]
[WhiteTitle "FM"]
[BlackTitle "WIM"]
[WhiteElo "2340"]
[BlackElo "1998"]
[WhiteFideId "1662643"]
[BlackFideId "12414816"]
[EventDate "2025.05.20"]

1. d4 d5 2. c4 e6 3. Nf3 Nf6 4. Nc3 c5 5. cxd5 Nxd5 6. e4 Nxc3 7. bxc3 cxd4 8.
cxd4 Bb4+ 9. Bd2 Bxd2+ 10. Qxd2 O-O 11. Bc4 Nd7 12. O-O Nf6 13. Rfe1 b6 14. Rad1
Bb7 15. Qf4 Rc8 16. Bb3 Qc7 17. Qh4 h6 18. h3 Rfd8 19. Re3 b5 20. Ne5 a5 21. a3
a4 22. Ba2 Qc2 23. Ra1 Qb2 24. Rae1 Qxa2 25. Rg3 Kf8 26. Ng4 Nxe4 27. Rxe4 Bxe4
28. Ne5 Qa1+ 29. Kh2 Qxd4 30. Qf4 Bf5 0-1

[Event "Titled Tue 20th May Early"]
[Site "chess.com INT"]
[Date "2025.05.20"]
[Round "4"]
[White "Martinez Alcantara, Jose Eduardo"]
[Black "Ostensen, Nicolai Maxime"]
[Result "1-0"]
[WhiteTitle "GM"]
[BlackTitle "FM"]
[WhiteElo "2611"]
[BlackElo "2283"]
[WhiteFideId "3805662"]
[BlackFideId "1546970"]
[EventDate "2025.05.20"]

1. c4 g6 2. Nc3 c5 3. g3 Bg7 4. Bg2 Nc6 5. d3 d6 6. Qd2 e6 7. b3 Nge7 8. Bb2 O-O
9. e3 b6 10. Nge2 Bb7 11. O-O Qd7 12. Ne4 e5 13. N4c3 Rad8 14. Nd5 Nxd5 15. cxd5
Ne7 16. e4 f5 17. f4 Nc8 18. Kh1 Rde8 19. Rae1 Ba6 20. Bh3 h6 21. Rf2 Ne7 22.
Kg1 Qb5 23. Rd1 g5 24. fxe5 dxe5 25. d6 Nc8 26. Nc3 Qc6 27. d7 Qxd7 28. Rxf5
Rxf5 29. Bxf5 Qc6 30. Nd5 Ne7 31. Ne3 Rd8 32. Qe2 Kh8 33. Bh3 Qd6 34. Bf1 Nc6
35. Nf5 Qc7 36. Qh5 Nd4 37. Nxh6 Bxh6 38. Qxh6+ Kg8 39. Bxd4 Rxd4 40. Bh3 Qg7
41. Be6+ Kf8 42. Rf1+ 1-0

[Event "Titled Tue 20th May Early"]
[Site "chess.com INT"]
[Date "2025.05.20"]
[Round "4"]
[White "Can, Melih Kaan"]
[Black "Grot, Blazej"]
[Result "1/2-1/2"]
[WhiteTitle "CM"]
[BlackTitle "CM"]
[WhiteElo "2171"]
[BlackElo "2217"]
[WhiteFideId "6317383"]
[BlackFideId "21835845"]
[EventDate "2025.05.20"]

1. e4 c6 2. Nc3 e5 3. Nf3 d6 4. d4 Qc7 5. Bc4 Be7 6. O-O Nf6 7. Bg5 O-O 8. Bb3
Bg4 9. dxe5 dxe5 10. Qd3 Nbd7 11. h3 Nc5 12. Qe3 Be6 13. Bxf6 gxf6 14. Nh4 Nxb3
15. axb3 Kh8 16. Kh1 a6 17. Ne2 Rg8 18. Ng3 Rad8 19. Nhf5 Bf8 20. Rad1 Rxd1 21.
Rxd1 b5 22. Qd3 Bc5 23. Qf3 Bf8 24. Nh5 Rg6 25. Nh4 Rh6 26. Nf5 Rg6 27. Nh4 Rh6
28. Nf5 Rg6 1/2-1/2

[Event "Titled Tue 20th May Early"]
[Site "chess.com INT"]
[Date "2025.05.20"]
[Round "4"]
[White "Cattaneo, Marco"]
[Black "Dyulgerov, Volen"]
[Result "0-1"]
[WhiteTitle "FM"]
[BlackTitle "CM"]
[WhiteElo "2291"]
[BlackElo "2200"]
[WhiteFideId "878332"]
[BlackFideId "2918978"]
[EventDate "2025.05.20"]

1. e4 e5 2. Nf3 d5 3. exd5 e4 4. Qe2 Nf6 5. Nc3 Be7 6. Nxe4 O-O 7. d3 Re8 8. Be3
Nxd5 9. O-O-O a5 10. Qd2 Nc6 11. Bg5 f6 12. Bf4 Be6 13. c3 Ncb4 14. cxb4 axb4
15. Bg3 Rxa2 16. Qc2 b3 17. Qxb3 Ra1+ 18. Kd2 Bb4+ 19. Kc2 Ne3+ 20. fxe3 Bxb3+
21. Kxb3 Rxd1 22. Kxb4 Rxe4+ 23. dxe4 c5+ 24. Kb3 Rxf1 0-1

[Event "Titled Tue 20th May Early"]
[Site "chess.com INT"]
[Date "2025.05.20"]
[Round "4"]
[White "Marcziter, Dmitrii"]
[Black "Terkiewicz, Bruno"]
[Result "0-1"]
[WhiteTitle "FM"]
[BlackTitle "CM"]
[WhiteElo "2208"]
[BlackElo "2183"]
[WhiteFideId "13900765"]
[BlackFideId "21093245"]
[EventDate "2025.05.20"]

1. d4 Nf6 2. c4 g6 3. Nf3 Bg7 4. g3 O-O 5. Bg2 c6 6. Nc3 d5 7. cxd5 cxd5 8. Bg5
Nc6 9. O-O Ne4 10. Bf4 Qb6 11. Na4 Qa6 12. Rc1 Rd8 13. a3 Bg4 14. Ne5 Nxe5 15.
Bxe5 Bxe2 16. Qb3 Bxf1 17. Bxf1 Qe6 18. Bxg7 Kxg7 19. Qxb7 Rab8 20. Qxa7 Nd2 21.
Bg2 Nb3 22. Rf1 Qd7 23. Qxd7 Rxd7 24. Rd1 e6 25. Bf1 Ra7 26. Nc3 Na5 27. Rd2 Nc6
28. Nb5 Ra5 29. Rc2 Raxb5 30. Bxb5 Nxd4 31. Rc5 Rxb5 32. Rxb5 Nxb5 33. a4 Nc7
34. b4 Kf6 35. b5 Ke7 36. b6 Na6 37. Kf1 Kd6 38. Ke2 Kc5 39. a5 Kb5 40. Ke3 e5
41. f4 f6 42. g4 Kxa5 43. g5 exf4+ 44. Kxf4 fxg5+ 45. Kxg5 Kxb6 46. Kh6 d4 47.
h4 d3 48. Kxh7 d2 49. Kxg6 d1=Q 50. h5 Qg4+ 51. Kh6 Nc5 0-1

[Event "Titled Tue 20th May Early"]
[Site "chess.com INT"]
[Date "2025.05.20"]
[Round "4"]
[White "Bayaca, Sterling"]
[Black "Jaiveer, Mahendru"]
[Result "1-0"]
[WhiteTitle "FM"]
[BlackTitle "FM"]
[WhiteElo "2231"]
[BlackElo "2230"]
[WhiteFideId "3227790"]
[BlackFideId "25611151"]
[EventDate "2025.05.20"]

1. c4 c6 2. Nf3 d5 3. e3 Nf6 4. Nc3 Bf5 5. cxd5 cxd5 6. Qb3 Qc8 7. Nxd5 Nbd7 8.
Nxf6+ exf6 9. Nd4 Nc5 10. Qc3 Bd7 11. b3 Be7 12. Bb2 O-O 13. Rc1 Qd8 14. Qc2 Rc8
15. Qb1 Bd6 16. Be2 Qa5 17. Bc3 Qc7 18. h3 Rfe8 19. O-O Ne4 20. Nf3 Qb8 21. Bb2
Rcd8 22. d3 Nc5 23. d4 Ne4 24. Rc2 Bc6 25. Rd1 Re7 26. d5 Bd7 27. Bd4 Rde8 28.
Bd3 f5 29. Qa1 f6 30. Rdc1 a6 31. Bb6 f4 32. exf4 Bxf4 33. Bc7 Bxc7 34. Rxc7 Qa7
35. Qd4 Qb8 36. d6 Rf7 37. Bxe4 1-0

[Event "Titled Tue 20th May Early"]
[Site "chess.com INT"]
[Date "2025.05.20"]
[Round "4"]
[White "Chiappero, Julio Alfredo"]
[Black "Pacheco, Daniel"]
[Result "1-0"]
[WhiteTitle "FM"]
[BlackTitle "FM"]
[WhiteElo "2238"]
[BlackElo "2191"]
[WhiteFideId "139998"]
[BlackFideId "101680"]
[EventDate "2025.05.20"]

1. d4 Nf6 2. c4 e6 3. Nc3 Bb4 4. f3 O-O 5. e4 c5 6. d5 exd5 7. cxd5 d6 8. Ne2
Re8 9. Ng3 Na6 10. Be2 Nc7 11. O-O Bd7 12. Bg5 h6 13. Bf4 Qe7 14. Qc1 Bxc3 15.
bxc3 b5 16. Kh1 a5 17. a4 bxa4 18. c4 Rab8 19. Bd1 Na6 20. Bxa4 Nb4 21. Qd2 Ra8
22. Bxd7 Qxd7 23. Nf5 Ra6 24. Bxh6 g6 25. Bg7 Qd8 26. Qh6 Nh7 27. Bc3 1-0

[Event "Titled Tue 20th May Early"]
[Site "chess.com INT"]
[Date "2025.05.20"]
[Round "4"]
[White "Henriquez Villagra, Cristobal"]
[Black "Nakonechnyi, Oleksii"]
[Result "1-0"]
[WhiteTitle "GM"]
[WhiteElo "2597"]
[BlackElo "2224"]
[WhiteFideId "3409350"]
[BlackFideId "34173714"]
[EventDate "2025.05.20"]

1. e4 c5 2. Nf3 e6 3. d4 cxd4 4. Nxd4 a6 5. Qf3 Nc6 6. Nxc6 dxc6 7. Qg3 Nf6 8.
Nc3 Bb4 9. Bd3 Qd4 10. Bd2 O-O 11. O-O-O e5 12. Kb1 Qd6 13. h4 Qe6 14. h5 Qg4
15. Qxe5 Re8 16. Qg5 Qxg5 17. Bxg5 Bxc3 18. bxc3 Nd7 19. f3 Ne5 20. h6 f6 21.
Be3 Be6 22. hxg7 Kxg7 23. Bd4 Rad8 24. f4 Nxd3 25. cxd3 Bg4 26. Rd2 h5 27. Kc2
Kf7 28. a4 Rd7 29. a5 f5 30. e5 Ke6 31. Bb6 Ree7 32. c4 Rh7 33. Bf2 Rhf7 34. Kc3
Rh7 35. Bh4 Rhg7 36. Rb1 Rg6 37. Rb6 Rgg7 38. d4 Kf7 39. d5 Ke8 40. e6 Rd6 41.
Kd4 Rg6 42. Ke5 Rgxe6+ 43. dxe6 Rxd2 44. Rxb7 1-0

[Event "Titled Tue 20th May Early"]
[Site "chess.com INT"]
[Date "2025.05.20"]
[Round "4"]
[White "Murawski, Jan"]
[Black "Sourath, Biswas"]
[Result "0-1"]
[WhiteTitle "CM"]
[BlackTitle "FM"]
[WhiteElo "2191"]
[BlackElo "2201"]
[WhiteFideId "21009287"]
[BlackFideId "35091484"]
[EventDate "2025.05.20"]

1. c4 Nf6 2. Nc3 g6 3. d4 Bg7 4. e4 O-O 5. Be2 d6 6. Bg5 e5 7. dxe5 dxe5 8. Qxd8
Rxd8 9. Nd5 Rxd5 10. exd5 Ne4 11. Be3 f5 12. f3 Nd6 13. Nh3 f4 14. Bd2 Bxh3 15.
gxh3 a5 16. Bc3 Na6 17. O-O-O Nc5 18. Rhe1 Nf5 19. Rd2 b6 20. Bd3 Ne3 21. Bc2
Nxc4 22. Rde2 Ne3 23. Bd2 Nxd5 24. Be4 Rd8 25. Bxd5+ Rxd5 26. Bc3 Nd3+ 27. Kc2
Nxe1+ 28. Rxe1 Kf7 29. Re2 Ke6 30. Re4 Kf5 31. Rc4 c5 32. a4 Kg5 33. Re4 Kh4 34.
Kb3 Kxh3 35. Kc4 Rd7 36. Re2 g5 37. Kb5 g4 38. fxg4 f3 39. Rf2 Kxg4 40. Kc6 Rf7
41. Kxb6 e4 42. Bxg7 Rxg7 43. Rf1 Kf4 44. Kxc5 e3 45. Kd4 e2 46. Rxf3+ 0-1

[Event "Titled Tue 20th May Early"]
[Site "chess.com INT"]
[Date "2025.05.20"]
[Round "4"]
[White "Purtseladze, Maka"]
[Black "Teh, Wee Zhun"]
[Result "1-0"]
[WhiteTitle "IM"]
[BlackTitle "CM"]
[WhiteElo "2261"]
[BlackElo "2010"]
[WhiteFideId "13602659"]
[BlackFideId "5707277"]
[EventDate "2025.05.20"]

1. f4 d5 2. b3 Nf6 3. Bb2 Bf5 4. Nf3 e6 5. e3 h6 6. d4 c5 7. Bd3 Bxd3 8. Qxd3
Nc6 9. Nbd2 Be7 10. Ne5 Rc8 11. c3 cxd4 12. cxd4 O-O 13. a3 Nxe5 14. dxe5 Nd7
15. O-O Qb6 16. b4 a5 17. Bd4 Qd8 18. Qb5 Ra8 19. Nb3 axb4 20. axb4 Rxa1 21.
Rxa1 Qc8 22. Rc1 Qa8 23. Qxd7 Bxb4 24. Qb5 Qa3 25. Rb1 Qa2 26. Qd3 Be7 27. Nc1 1-0

[Event "Titled Tue 20th May Early"]
[Site "chess.com INT"]
[Date "2025.05.20"]
[Round "4"]
[White "Andreikin, Dmitry"]
[Black "Vakhidov, Jakhongir"]
[Result "1-0"]
[WhiteTitle "GM"]
[BlackTitle "GM"]
[WhiteElo "2695"]
[BlackElo "2546"]
[WhiteFideId "4158814"]
[BlackFideId "14201801"]
[EventDate "2025.05.20"]

1. Nf3 g6 2. e4 c5 3. c4 Bg7 4. d4 cxd4 5. Nxd4 Nc6 6. Be3 Qb6 7. Nb3 Qd8 8. Nd4
Qb6 9. Nb3 Qd8 10. Qd2 Nf6 11. f3 d6 12. Nc3 O-O 13. Nd4 Nxd4 14. Bxd4 a5 15. b3
Bd7 16. Be2 Bc6 17. O-O Nd7 18. Be3 Nc5 19. Rab1 e6 20. Rfd1 Be5 21. Bf4 Qe7 22.
Qe3 b6 23. Rd2 Bxf4 24. Qxf4 Rad8 25. Rbd1 e5 26. Qe3 f5 27. exf5 gxf5 28. Nd5
Bxd5 29. Rxd5 f4 30. Qf2 Rf6 31. a3 e4 32. b4 axb4 33. axb4 e3 34. Qh4 Ne6 35.
Rxd6 Rxd6 36. Rxd6 Qxd6 37. Qxf6 Qd7 38. c5 b5 39. Kf1 Nd4 40. Qg5+ Kh8 41. Qxf4 1-0

[Event "Titled Tue 20th May Early"]
[Site "chess.com INT"]
[Date "2025.05.20"]
[Round "4"]
[White "Ahmad, Khagan"]
[Black "Vingris, Mikelis"]
[Result "1-0"]
[WhiteTitle "IM"]
[WhiteElo "2405"]
[BlackElo "2102"]
[WhiteFideId "13431552"]
[BlackFideId "11611731"]
[EventDate "2025.05.20"]

1. d4 d5 2. c4 c6 3. Nf3 Nf6 4. Nc3 e6 5. Bg5 dxc4 6. e4 b5 7. e5 h6 8. Bh4 g5
9. Nxg5 hxg5 10. Bxg5 Be7 11. exf6 Bxf6 12. Bxf6 Qxf6 13. g3 Bb7 14. Bg2 b4 15.
Ne4 Qe7 16. Nc5 a5 17. Qa4 Kf8 18. O-O Rh5 19. a3 Rxc5 20. dxc5 Qxc5 21. Rfd1 b3
22. Rac1 Ba6 23. Qxb3 Ke7 24. Qf3 Bb5 25. Qf4 Nd7 26. Rxd7+ Kxd7 27. Qxf7+ Kc8
28. Rd1 Ra7 29. Qe8+ Kb7 30. Rd7+ Kb6 31. Qb8+ Ka6 32. Rxa7+ Qxa7 33. Qxa7+ Kxa7
34. h4 c5 35. h5 Be8 36. g4 Kb6 37. Be4 Kb5 38. h6 c3 39. bxc3 Kc4 40. h7 1-0

[Event "Titled Tue 20th May Early"]
[Site "chess.com INT"]
[Date "2025.05.20"]
[Round "4"]
[White "Tsolakidou, Stavroula"]
[Black "Toroptseva, Yevheniia"]
[Result "1-0"]
[WhiteTitle "IM"]
[BlackTitle "WFM"]
[WhiteElo "2428"]
[BlackElo "2064"]
[WhiteFideId "4264312"]
[BlackFideId "34109374"]
[EventDate "2025.05.20"]

1. e4 c5 2. Nf3 e6 3. c3 d5 4. e5 d4 5. d3 Nc6 6. g3 Qc7 7. Qe2 Nge7 8. Bg2 Ng6
9. Na3 a6 10. cxd4 cxd4 11. Nc4 b5 12. Nd6+ Bxd6 13. exd6 Qxd6 14. h4 Bb7 15. h5
Nf8 16. h6 g6 17. O-O Nd7 18. Bf4 Qe7 19. Qd2 Nf6 20. Bg5 e5 21. Rfe1 Qd6 22.
Nxe5 O-O 23. Bxf6 Qxf6 24. Nd7 Qd6 25. Nxf8 Rxf8 26. Qg5 Nd8 27. Bxb7 Nxb7 28.
Qe5 Qxe5 29. Rxe5 Nd6 30. Rc1 f6 31. Rd5 Nf5 32. Rc7 Nxh6 33. Rxd4 1-0

[Event "Titled Tue 20th May Early"]
[Site "chess.com INT"]
[Date "2025.05.20"]
[Round "4"]
[White "Fiskaaen, Martin Holten"]
[Black "Mohylnyi, Stepan"]
[Result "1-0"]
[WhiteTitle "FM"]
[BlackTitle "FM"]
[WhiteElo "2292"]
[BlackElo "2314"]
[WhiteFideId "1550233"]
[BlackFideId "34127836"]
[EventDate "2025.05.20"]

1. d4 Nf6 2. Nf3 d6 3. Nbd2 g6 4. e4 Nbd7 5. Bd3 Bg7 6. h3 O-O 7. c3 e5 8. O-O
c6 9. Re1 Qc7 10. a4 a5 11. Nf1 b6 12. Ng3 Bb7 13. Be3 c5 14. dxe5 Nxe5 15. Nxe5
dxe5 16. Qc2 Rad8 17. Bc4 h5 18. Bg5 Rd6 19. Rad1 Rfd8 20. Rxd6 Rxd6 21. Qb3 Bc8
22. Nf1 Be6 23. Bxe6 Rxe6 24. Bxf6 Bxf6 25. Ne3 Rd6 26. Nd5 Qd8 27. Qc4 Qd7 28.
Rf1 Bg5 29. Qb3 Kg7 30. c4 h4 31. Qc3 f6 32. b3 Bf4 33. Rd1 Qe6 34. Rd3 Kf7 35.
Qc2 f5 36. Nxf4 exf4 37. Rxd6 Qxd6 38. exf5 g5 39. Qe4 Kf6 40. Kh2 Qe5 41. Qd3
Qd4 42. Qc2 Ke5 43. Kg1 Qe4 44. Qxe4+ Kxe4 45. f6 1-0

[Event "Titled Tue 20th May Early"]
[Site "chess.com INT"]
[Date "2025.05.20"]
[Round "4"]
[White "Munoz, Francisco Javier"]
[Black "Savitha, Shri B"]
[Result "0-1"]
[WhiteTitle "FM"]
[BlackTitle "IM"]
[WhiteElo "2389"]
[BlackElo "2298"]
[WhiteFideId "128368"]
[BlackFideId "35061887"]
[EventDate "2025.05.20"]

1. e4 c5 2. Nc3 Nc6 3. Bb5 Nd4 4. Nf3 Nxb5 5. Nxb5 a6 6. Nc3 b5 7. d4 cxd4 8.
Qxd4 d6 9. b3 Nf6 10. Bb2 e5 11. Qe3 Be7 12. O-O-O O-O 13. Nxe5 Bb7 14. Nd3 Rc8
15. f3 Qa5 16. Qd4 d5 17. Kb1 dxe4 18. Nxe4 Bxe4 19. fxe4 Rfd8 20. Qe5 Ba3 21.
Bxa3 Qxa3 22. Rhe1 Re8 23. Qb2 Qxb2+ 24. Kxb2 Nxe4 25. Re2 f5 26. Rf1 g6 27. g4
Nd6 28. Rxe8+ Rxe8 29. gxf5 Nxf5 30. b4 Re2 31. Rf2 Re4 32. Kc3 Rc4+ 33. Kd2 Kg7
34. c3 h5 35. Rg2 Kf6 36. Nc5 a5 37. Kd3 axb4 38. Ne4+ Ke5 39. Rxg6 Rxe4 0-1

[Event "Titled Tue 20th May Early"]
[Site "chess.com INT"]
[Date "2025.05.20"]
[Round "4"]
[White "Karttunen, Mika"]
[Black "Ghosh, Chanchal Kumer"]
[Result "1-0"]
[WhiteTitle "IM"]
[BlackTitle "CM"]
[WhiteElo "2490"]
[BlackElo "2018"]
[WhiteFideId "502081"]
[BlackFideId "10201858"]
[EventDate "2025.05.20"]

1. c4 e5 2. Nc3 Bc5 3. e3 Nc6 4. a3 a6 5. b4 Ba7 6. Bb2 d6 7. g3 Nge7 8. Bg2 O-O
9. Nge2 Be6 10. Nd5 f5 11. d3 h5 12. Nec3 Ng6 13. Qxh5 Kf7 14. h4 Rh8 15. Qf3
Qd7 16. Ne4 Kg8 17. Ng5 Re8 18. O-O-O Nd8 19. Nxe6 Nxe6 20. Qxf5 c6 21. Qxg6
cxd5 22. Bxd5 Rh6 23. Qg4 Kh8 24. Kb1 Rf8 25. f4 Bxe3 26. fxe5 dxe5 27. Bxe5 Qe7
28. Rhe1 Bf2 29. Re2 Qf7 30. Bf4 1-0

[Event "Titled Tue 20th May Early"]
[Site "chess.com INT"]
[Date "2025.05.20"]
[Round "4"]
[White "Kuznetsov, Mikhail V."]
[Black "Smieszek, Wojciech"]
[Result "1-0"]
[WhiteTitle "FM"]
[BlackTitle "CM"]
[WhiteElo "2218"]
[BlackElo "2141"]
[WhiteFideId "4194900"]
[BlackFideId "1156047"]
[EventDate "2025.05.20"]

1. e4 c5 2. c3 g6 3. Nf3 Bg7 4. h4 h5 5. d4 cxd4 6. cxd4 d5 7. e5 Bg4 8. Be2 Nh6
9. Nc3 O-O 10. Bg5 Nf5 11. Be3 Nc6 12. Ng5 Bxe2 13. Nxe2 Nxe3 14. fxe3 Qb6 15.
Nf4 e6 16. g4 Nxe5 17. dxe5 Qxe3+ 18. Ne2 Bxe5 19. Qd2 Qxd2+ 20. Kxd2 hxg4 21.
Rhg1 Rfc8 22. Rxg4 Rc4 23. Rxc4 dxc4 24. Kc2 Kg7 25. Rd1 Rh8 26. Rd7 Rxh4 27.
Nxf7 Bf6 28. b3 Rh2 29. Kd1 cxb3 30. axb3 g5 31. Nxg5+ Kg6 32. Nxe6 Kf5 33.
N6d4+ Ke4 34. Ng3+ Ke3 35. Nf1+ Ke4 36. Nxh2 Bxd4 37. Kc2 b5 38. Nf1 a6 39. Nd2+
Ke3 40. b4 Bb6 41. Rd6 Bc7 42. Rxa6 1-0

[Event "Titled Tue 20th May Early"]
[Site "chess.com INT"]
[Date "2025.05.20"]
[Round "4"]
[White "Maycock Bates, David Henry"]
[Black "Leon Acevedo, Juan Alejandro"]
[Result "1-0"]
[WhiteTitle "CM"]
[BlackTitle "CM"]
[WhiteElo "2274"]
[BlackElo "2040"]
[WhiteFideId "5142547"]
[BlackFideId "4459261"]
[EventDate "2025.05.20"]

1. d4 d5 2. Bg5 g6 3. Nd2 Bg7 4. Ngf3 Nf6 5. e3 O-O 6. h3 b6 7. c3 Bb7 8. Bd3 c5
9. O-O Nc6 10. Re1 Rc8 11. Rc1 Nd7 12. a3 f6 13. Bh4 e5 14. dxe5 Ndxe5 15. Be2
Re8 16. Qa4 Qd7 17. Nxe5 fxe5 18. Bg4 Qf7 19. Bxc8 Rxc8 20. e4 Qf4 21. Nf3 Rf8
22. Rcd1 Na5 23. Bg3 Qf7 24. exd5 Bxd5 25. Ng5 Qf5 26. Rxd5 Qxg5 27. b4 Nc4 28.
Qb3 Nd2 29. Rxd2+ 1-0

[Event "Titled Tue 20th May Early"]
[Site "chess.com INT"]
[Date "2025.05.20"]
[Round "4"]
[White "Thorhallsson, Simon"]
[Black "Aranda, Juan Manuel"]
[Result "1-0"]
[WhiteTitle "FM"]
[BlackTitle "CM"]
[WhiteElo "2218"]
[BlackElo "2134"]
[WhiteFideId "2310090"]
[BlackFideId "160458"]
[EventDate "2025.05.20"]

1. d4 d6 2. Nf3 Bg4 3. Bg5 c6 4. Nbd2 Qa5 5. c3 Nd7 6. Qc2 b5 7. e3 Ngf6 8. Bd3
g6 9. h3 Bxf3 10. Nxf3 b4 11. O-O bxc3 12. bxc3 Bg7 13. Rab1 O-O 14. Rb7 Rfb8
15. Rfb1 Rxb7 16. Rxb7 Rb8 17. Qb3 Rxb7 18. Qxb7 Qxc3 19. Qc8+ Nf8 20. Bf1 Qc2
21. Bxf6 Bxf6 22. Qa6 c5 23. Qxa7 cxd4 24. Nxd4 Bxd4 25. exd4 Ne6 26. d5 Nc5 27.
Qxe7 Qxa2 28. Qxd6 Qxf2+ 29. Kh2 h5 30. Bc4 Kh7 31. Qe5 Nd7 32. Qg3 Nf6 33. Qxf2 1-0

[Event "Titled Tue 20th May Early"]
[Site "chess.com INT"]
[Date "2025.05.20"]
[Round "4"]
[White "Gilfanov, Marat I"]
[Black "Hernandez Izquierdo, Jose A."]
[Result "1-0"]
[WhiteTitle "FM"]
[BlackTitle "IM"]
[WhiteElo "2379"]
[BlackElo "2223"]
[WhiteFideId "34372164"]
[BlackFideId "3527263"]
[EventDate "2025.05.20"]

1. c4 e5 2. Nc3 Nf6 3. g3 Nc6 4. Bg2 Bb4 5. Nf3 O-O 6. O-O d6 7. d3 h6 8. Bd2 a6
9. a3 Bc5 10. b4 Ba7 11. Qb3 Be6 12. e4 Qd7 13. a4 Bh3 14. b5 Nd4 15. Nxd4 Bxd4
16. Be3 Bxe3 17. fxe3 Bxg2 18. Kxg2 Ng4 19. Rae1 axb5 20. axb5 f5 21. h3 f4 22.
hxg4 Qxg4 23. Rf3 Rf7 24. Ref1 Raf8 25. Qd1 Qg5 26. exf4 exf4 27. Qd2 h5 28. Ne2
h4 29. Rxf4 hxg3 30. Qe3 Rxf4 31. Rxf4 Rf6 32. Qxg3 Qh5 33. Rxf6 Qxe2+ 34. Rf2
Qe3 35. Qxe3 1-0

[Event "Titled Tue 20th May Early"]
[Site "chess.com INT"]
[Date "2025.05.20"]
[Round "4"]
[White "Christie, Joshua"]
[Black "Dilmukhametov, Artur"]
[Result "1-0"]
[WhiteTitle "FM"]
[BlackTitle "FM"]
[WhiteElo "2213"]
[BlackElo "2276"]
[WhiteFideId "7402074"]
[BlackFideId "24179922"]
[EventDate "2025.05.20"]

1. Nf3 Nf6 2. b3 g6 3. Bb2 Bg7 4. g3 d6 5. d4 O-O 6. Bg2 Nbd7 7. O-O e5 8. dxe5
Ng4 9. Qd2 Re8 10. c4 Ngxe5 11. Nxe5 Nxe5 12. Nc3 Bg4 13. h3 Bd7 14. f4 Nc6 15.
e4 h5 16. Nd5 Be6 17. Bxg7 Kxg7 18. Qb2+ f6 19. Rae1 Bxd5 20. exd5 Ne7 21. g4
hxg4 22. hxg4 Ng8 23. Re6 Qd7 24. f5 Rxe6 25. dxe6 Qe7 26. Bxb7 Rb8 27. Be4 Nh6
28. Qg2 g5 29. Rf3 Rh8 30. Rh3 Qf8 31. Bf3 Kh7 32. Qh2 Kg7 33. Kg2 Kh7 34. Rh5
Kg7 35. Qg1 Qe7 36. Qxa7 1-0

[Event "Titled Tue 20th May Early"]
[Site "chess.com INT"]
[Date "2025.05.20"]
[Round "4"]
[White "Arakelyan, Manvel"]
[Black "Mirimanian, Hayk"]
[Result "1-0"]
[WhiteTitle "FM"]
[BlackTitle "FM"]
[WhiteElo "2326"]
[BlackElo "2237"]
[WhiteFideId "13317415"]
[BlackFideId "4700180"]
[EventDate "2025.05.20"]

1. e4 e5 2. Nf3 Nc6 3. Nc3 Nf6 4. d4 exd4 5. Nxd4 Bb4 6. Nxc6 bxc6 7. Bd3 d5 8.
exd5 cxd5 9. O-O O-O 10. h3 c6 11. Qf3 Bd6 12. Bf4 Rb8 13. b3 Rb4 14. Ne2 c5 15.
Rad1 Bb7 16. Bxd6 Qxd6 17. Rfe1 a5 18. Ng3 g6 19. Qe3 a4 20. Qg5 a3 21. Nf5 Qf4
22. Qxf6 gxf5 23. Re3 Rb8 24. Rg3+ Kf8 25. Re1 Re4 26. Bxe4 dxe4 27. Rg7 Bd5 28.
Rxh7 Ke8 29. c4 1-0

[Event "Titled Tue 20th May Early"]
[Site "chess.com INT"]
[Date "2025.05.20"]
[Round "4"]
[White "Hehir, Michael"]
[Black "Mikhalsky, Vladimir"]
[Result "1-0"]
[WhiteElo "2009"]
[BlackElo "2219"]
[WhiteFideId "2047411"]
[BlackFideId "14144352"]
[EventDate "2025.05.20"]

1. d4 Nf6 2. c4 g6 3. Nc3 Bg7 4. e4 O-O 5. Nf3 d6 6. h3 Nc6 7. Be3 e5 8. d5 Ne7
9. g4 Nd7 10. Rg1 Kh8 11. Be2 f5 12. gxf5 gxf5 13. Bg5 Nc5 14. Nd2 Qe8 15. Bh5
Ng6 16. Qe2 c6 17. O-O-O b5 18. cxb5 cxb5 19. Qxb5 Bd7 20. Qe2 Rb8 21. Be3 Na4
22. Nxa4 Bxa4 23. b3 Nf4 24. Bxf4 Qc8+ 25. Qc4 Bb5 26. Qxc8 Rbxc8+ 27. Kb2 exf4+
28. Ka3 Bd4 29. Rg2 Rc5 30. exf5 Rxf5 31. Nf3 Bc3 32. Bg4 Rfxd5 33. Rxd5 Rxd5
34. Be6 Bc6 35. Rg8# 1-0

[Event "Titled Tue 20th May Early"]
[Site "chess.com INT"]
[Date "2025.05.20"]
[Round "4"]
[White "Piorun, Kacper"]
[Black "Kilic, Eray"]
[Result "0-1"]
[WhiteTitle "GM"]
[BlackTitle "IM"]
[WhiteElo "2577"]
[BlackElo "2469"]
[WhiteFideId "1130420"]
[BlackFideId "44517173"]
[EventDate "2025.05.20"]

1. d4 Nf6 2. c4 e6 3. Nc3 Bb4 4. Bd2 O-O 5. e3 d5 6. Nf3 c5 7. a3 Bxc3 8. Bxc3
cxd4 9. Bxd4 Nc6 10. Be2 dxc4 11. Bxc4 Qe7 12. Bc3 Rd8 13. Qc2 b6 14. Bd3 Bb7
15. Bxf6 Qxf6 16. Bxh7+ Kh8 17. Be4 Rac8 18. Qa4 Qxb2 19. Rb1 Qc3+ 20. Ke2 Na5
21. Ng5 Rc4 22. Rbd1 Qb2+ 23. Kf3 Bxe4+ 24. Kg3 Bd5 0-1